书目信息 |
| 题名: |
当代文化哲学深思
|
|
| 作者: | 李鹏程 著 | |
| 分册: | ||
| 出版信息: | 北京 人民出版社 1994.07 |
|
| 页数: | 492页 | |
| 开本: | 32开 | |
| 丛书名: | ||
| 单 册: | ||
| 中图分类: | G02 | |
| 科图分类: | ||
| 主题词: | 文化哲学 | |
| 电子资源: | ||
| ISBN: | 7-01-001948-7 | |
| 000 | 00540nam0 2200193 45 | |
| 001 | 0008151648 | |
| 005 | 20001022151900.1 | |
| 010 | @a7-01-001948-7@d19.00元 | |
| 100 | @a20000815d1994 km y0chiy0120 ea | |
| 101 | 0 | @achi |
| 105 | @a z 000yy | |
| 200 | 1 | @a当代文化哲学深思@ADang Dai Wen Hua Zhe Xue Shen Si@f李鹏程著@FLi Peng Cheng Zhu |
| 210 | @a北京@c人民出版社@d1994.07 | |
| 215 | @a492页@d32开 | |
| 606 | 0 | @a文化哲学 |
| 690 | @aG02@v3 | |
| 701 | 0 | @a李鹏程@4著 |
| 801 | @aCN@bPftUser@c20000815 | |
| 905 | @dG02@eL119@b182503-507@f5 | |
| 当代文化哲学深思/李鹏程著.-北京:人民出版社,1994.07 |
| 492页;32开 |
| ISBN 7-01-001948-7:19.00元 |
| ● |
| 相关链接 |
|
|
|
正题名:当代文化哲学深思
索取号:G02/L119
 
预约/预借
| 序号 | 登录号 | 条形码 | 馆藏地/架位号 | 状态 | 备注 |
| 1 | 182503 | 201825034 | 社科库409/ [索取号:G02/L119] | 在馆 | |
| 2 | 182504 | 201825043 | 社科库409/309社科库 82排1列4层/ [索取号:G02/L119] | 在馆 | |
| 3 | 182505 | 201825052 | 社科库409/422社科库 33排1列2层/ [索取号:G02/L119] | 在馆 | |
| 4 | 182506 | 201825061 | 社科库409/ [索取号:G02/L119] | 在馆 | |
| 5 | 182507 | 201825070 | 社科库409/422社科库 33排1列2层/ [索取号:G02/L119] | 在馆 |